Online
Catalog

Panorama de la literatura iberoamericana. (Record no. 4497)

MARC details
000 -CABECERA
campo de control de longitud fija 00552cam a2200169 a 4500
001 - NÚMERO DE CONTROL
campo de control 000004691
005 - FECHA Y HORA DE LA ÚLTIMA TRANSACCIÓN
campo de control 20200929151501.0
008 - DATOS DE LONGITUD FIJA--INFORMACIÓN GENERAL
campo de control de longitud fija 740104s1964 cl 000 0 spa d
040 ## - FUENTE DE LA CATALOGACIÓN
Centro catalogador/agencia de origen DO-SdBNP
Lengua de catalogación spa
Centro/agencia transcriptor BNPHU
082 ## - NÚMERO DE LA CLASIFICACIÓN DECIMAL DEWEY
Número de clasificación 860
Número de documento/Ítem T693p
100 1# - ENTRADA PRINCIPAL--NOMBRE DE PERSONA
Nombre de persona Torres-Rioseco, Arturo,
Fechas asociadas al nombre 1897-
9 (RLIN) 13661
245 10 - MENCIÓN DE TÍTULO
Título Panorama de la literatura iberoamericana.
260 ## - PUBLICACIÓN, DISTRIBUCIÓN, ETC.
Lugar de publicación, distribución, etc. [Santigo, (Chile)] :
Nombre del editor, distribuidor, etc. Zig-Zag,
Fecha de publicación, distribución, etc. [1964].
300 ## - DESCRIPCIÓN FÍSICA
Extensión xxix, 243 p. ;
Dimensiones 21 cm.
504 ## - NOTA DE BIBLIOGRAFÍA, ETC.
Nota de bibliografía, etc. Incluye notas al pie de las páginas.
650 #4 - PUNTO DE ACCESO ADICIONAL DE MATERIA--TÉRMINO DE MATERIA
Término de materia o nombre geográfico como elemento de entrada Literatura latinoamericana
Subdivisión general Historia y crítica
9 (RLIN) 5706
Holdings
Estado de retiro Estado de pérdida Restricciones de uso No para préstamo Código de colección Localización permanente Ubicación/localización actual Ubicación en estantería Fecha de adquisición Número de inventario Total de préstamos Signatura topográfica completa Código de barras Fecha visto por última vez Precio válido a partir de Tipo de ítem Koha
    Préstamo interno   Monografías: Libros y Folletos General General En catalogación 24.07.2009 LF1   860 T693p 4691-10 25.06.2020 25.06.2020 Préstamo interno

Powered by Koha